000 00610nam a2200193 a 4500
005 20231024063622.0
008 991125s1950 mx 000 0 spa u
035 _aUPN01000000590
049 _aLT
050 4 _aLB1589 M6.1
_bH5.2
100 1 _aHidalgo Monroy, Luis,
_d1876-1946
_928900
245 1 0 _aActividades geométricas del primer ciclo /
_cLuis Hidalgo Monroy.
260 _aMéxico :
_bPatria,
_c1950.
300 _a51 p. :
_bil.
650 4 _aGeometría
_xEstudio y enseñanza (Elemental)
_94869
650 4 _aMatemáticas
_xEstudio y enseñanza (Elemental)
_92809
905 _aLibro
999 _c590
_d590